| 000 | 02473nam a2200421 i 4500 | ||
|---|---|---|---|
| 003 | DO-SdBNP | ||
| 005 | 20240828111631.0 | ||
| 007 | ta | ||
| 008 | 110413s2020 dr a 000 j spa d | ||
| 040 |
_aDO-SdBNP _bspa _cBPMSU _erda |
||
| 082 | 4 |
_aRD863.44 _bS232y 2020 _222 |
|
| 100 | _aSantana, Héctor | ||
| 245 | 1 | 3 |
_aEl yaniqueque de Quico / _cHéctor Santana ; ilustración: María Rebeca Dalmasí ; dirección general: Laura V. Sánchez-Vincitore ; coordinación de redacción: Yuan-Fuei Liao ; coordinación de ilustraciones: Lissa Pérez Gómez, Paloma Phillips, Amelia De León |
| 264 | 1 |
_aSanto Domingo : _bUSAID, _bUNIBE, _c2020. |
|
| 300 |
_a8 páginas _c22 cm. _bIlustraciones |
||
| 336 |
_2rdacontent _atexto _btxt |
||
| 337 |
_2rdamedia _asin mediación _bn |
||
| 338 |
_2rdacarrier _avolumen _bnc |
||
| 490 | 0 |
_aProyecto leer _v |
|
| 500 | _aLos libros decodificables están compuestos de textos redactados con dificultad progresiva. Cada etapa decodificable enfatiza ciertas combinaciones de letras y sonidos tomando en cuenta el orden de frecuencia en la que aparecen en el idioma español, y el nivel de dificultad de la relación letra-sonidos. | ||
| 500 | _aCombinación de grafemas: c (ca), q, v, ll, y (ya), h, ch, cl, bl, fl, pl. | ||
| 500 | _aGrafemas anteriores: a, m, e, n, o, s, i, l, u y, f, p, t, b, d. | ||
| 520 | _aQuico tomó un yaniqueque caliente de la mesa sin que su madre lo viera y el alimento le quemó los dedos. Quico se puso a llorar, pero siguió comiéndose el yaniqueque. Consideró que el yaniqueque era bueno, aunque estuviera caliente y le quemara los dientes. Le puso mayonesa y preparó otro: uno relleno con huevo. Luego otro con catchup. Se convenció de que los yaniqueques de su madre eran los mejores. Al final tomó otro, bien caliente y gritó: “¡Ay ay ay, me quemé!”. | ||
| 521 | _aNivel primario | ||
| 590 | _aInventariado, 2024/VM | ||
| 650 | 4 | _aCuentos infantiles dominicanos | |
| 650 | 4 | _aLiteratura infantil dominicana | |
| 650 | 4 |
_aYaniqueques _vCuentos infantiles dominicanos |
|
| 651 | _2 | ||
| 700 | 1 |
_aDalmasí, María Rebecca _eilustraciones |
|
| 700 | 1 |
_aSánchez-Vincitore, Laura V _edirector general |
|
| 700 | 1 |
_aLiao, Yuan-Fuei _ecoordinador |
|
| 700 | 1 |
_aPérez Gómez, Lissa _ecoordinador |
|
| 700 | 1 |
_aPhillips, Paloma _ecoodinador |
|
| 710 | 2 | _aUniversidad Iberoamericana(República Dominicana) | |
| 910 | _aVMateo V. Control de calidad. BPMSU | ||
| 942 |
_2ddc _cBK |
||
| 999 |
_c14782 _d14782 |
||